Culture Générale - Série 2716 - Statistiques

Statistiques générales
  • Ce quiz a été pris 65 fois
  • Le résultat moyen est 4 sur 10
Statistiques - réponses
Question Réponse % Correct
Dans quel pays un génocide a-t-il fait plus de 800 000 morts en quelques mois en 1994 ? Rwanda
93%
Phobie des espaces libres et des lieux publics. agoraphobie
75%
Quel est le nom du personnage principal de « L’Avare », de Molière ? Harpagon
53%
Quel groupe est l’auteur du célèbre album The Wall ? Pink Floyd
53%
Quel a été le premier pays, en 1893, à accorder le droit de vote aux femmes ? Nouvelle Zélande
51%
Qui est le fils de Gargantua, héros des romans de Rabelais ? Pantagruel
47%
Comment s'appelle le bâton des trois coups annonçant le début d'une pièce de théâtre ? brigadier
19%
En astronomie quel est l'opposé du zénith ? nadir
17%
Quel métal alcalin a été découvert en 1817 par Johan August Arfwedson ? lithium
12%
Dans les albums d'Astérix, comment se nomme la mère de ce dernier ? Praline
12%
Aucun quiz correspondant
Distribution des résultats
% des personnes avec chaque résultat
Percentile par nombre de réponses
Votre historique - résultats
Vous n’avez pas pris ce quiz